000 00330nam a2200133Ia 4500
005 20251222144845.0
008 251222s9999||||xx |||||||||||||| ||spa||
020 _a978-84-321-3633-7
082 _a288.2/B38
100 _aBeleña Lopéz, Ángel
245 0 _aSociopolítica del hecho religioso:
264 _bRialp
942 _cLIB
999 _c21396
_d21396